[Event "Maharashtra op 2nd"]
[Site "Nagpur"]
[Date "2023.06.08"]
[Round "10"]
[White "Bhattacharyya, Soham"]
[Black "Sammed Jaykumar, Shete"]
[Result "0-1"]
[WhiteElo "2219"]
[BlackElo "2440"]
[PlyCount "92"]
[EventDate "2023.06.01"]
[EventType "swiss"]
[EventRounds "11"]
[EventCountry "IND"]
[SourceTitle "CBM 214 Extra"]
[Source "ChessBase"]
[SourceDate "2023.07.31"]
[SourceVersion "1"]
[SourceVersionDate "2023.07.31"]
[SourceQuality "1"]

1. d4 Nf6 2. c4 e6 3. g3 c5 4. d5 exd5 5. cxd5 g6 6. Bg2 d6 7. Nc3 Bg7 8. Nf3 0-0 9. 0-0 Re8 10. Nd2 Nbd7 11. a4 a6 12. e4 Rb8 13. Nc4 Ne5 14. Na3 b5 15. axb5 axb5 16. Naxb5 Qb6 17. Kh1 Ba6 18. Rxa6 Qxa6 19. Nc7 Qb6 20. Nxe8 Nxe8 21. f4 Nc4 22. Rf2 Ra8 23. Bf1 Qb4 24. Qd3 Na5 25. Be3 Nf6 26. h3 c4 27. Qe2 Re8 28. Qf3 Nd7 29. Bg2 Nb3 30. Rc2 Ra8 31. Kh2 Ra1 32. Qf2 Ndc5 33. Bxc5 Nxc5 34. Qe2 Nd3 35. Nd1 Bd4 36. h4 h5 37. Bf1 Bb6 38. Rd2 Nc1 39. Qe1 Nb3 40. Re2 Qc5 41. Rg2 Qd4 42. Be2 Ba5 43. Qg1 Qxe4 44. Qa7 Nd4 45. Nc3 Qe3 46. f5 Nf3+ 0-1

[Event "Paracin op-A 15th"]
[Site "Paracin"]
[Date "2022.07.11"]
[Round "4"]
[White "Bhattacharyya, Soham"]
[Black "Han, Yichen"]
[Result "0-1"]
[WhiteElo "2099"]
[BlackElo "2286"]
[PlyCount "77"]
[EventDate "2022.07.08"]
[EventType "swiss"]
[EventRounds "9"]
[EventCountry "SRB"]
[SourceTitle "CBM 209 Extra"]
[Source "ChessBase"]
[SourceDate "2022.09.30"]
[SourceVersion "1"]
[SourceVersionDate "2022.09.30"]
[SourceQuality "1"]

1. d4 d5 2. c4 e6 3. Nf3 Nf6 4. g3 dxc4 5. Bg2 c6 6. Ne5 Bb4+ 7. Bd2 Be7 8. e3 b5 9. b3 cxb3 10. axb3 b4 11. Nxc6 Nxc6 12. Bxc6+ Bd7 13. Qf3 Rc8 14. Bxd7+ Qxd7 15. 0-0 0-0 16. Rd1 Rfd8 17. Be1 e5 18. Nd2 exd4 19. Nc4 d3 20. Nb2 Qb5 21. Rxa7 Bf8 22. e4 Rc3 23. Bxc3 bxc3 24. e5 Qxe5 25. Nxd3 c2 26. Rc1 Qc3 27. Qe2 Rxd3 28. Qxc2 Qd4 29. Ra8 Rd2 30. Qf5 g6 31. Qf3 Kg7 32. Rc4 Qe5 33. Kg2 h5 34. Ra7 Bd6 35. Rf4 Qe6 36. Rc4 Rb2 37. h3 Rb1 38. Qc3 Qd5+ 39. f3 0-1

[Event "Novi Sad Serbia op-A"]
[Site "Novi Sad"]
[Date "2022.06.28"]
[Round "1"]
[White "Harshavardhan, GB."]
[Black "Bhattacharyya, Soham"]
[Result "1/2-1/2"]
[WhiteElo "2397"]
[BlackElo "2099"]
[PlyCount "154"]
[EventDate "2022.06.28"]
[EventType "swiss"]
[EventRounds "9"]
[EventCountry "SRB"]
[SourceTitle "EXT 2023"]
[Source "ChessBase"]
[SourceDate "2022.10.05"]
[SourceVersion "1"]
[SourceVersionDate "2022.10.05"]
[SourceQuality "1"]

1. d4 Nf6 2. c4 g6 3. Nc3 Bg7 4. e4 d6 5. Nf3 0-0 6. Be2 Nbd7 7. 0-0 e5 8. Re1 c6 9. Rb1 a6 10. Bf1 b5 11. a3 Bb7 12. dxe5 dxe5 13. h3 Nc5 14. Qc2 Qc7 15. Be3 Ne6 16. b4 Rfd8 17. Red1 Nh5 18. a4 Rxd1 19. Rxd1 a5 20. axb5 axb4 21. bxc6 bxc3 22. cxb7 Qxb7 23. Qxc3 Qxe4 24. c5 Nhf4 25. Qc4 Nxh3+ 26. Kh2 Qxc4 27. Bxc4 Nhf4 28. g3 Nh5 29. Bxe6 fxe6 30. Ng5 Bh6 31. Ne4 Bxe3 32. fxe3 Ra7 33. g4 Ng7 34. Rd8+ Kf7 35. Nd6+ Kf6 36. Rf8+ Kg5 37. Kg3 Rc7 38. Rf1 Nf5+ 39. gxf5 exf5 40. Rc1 Rc6 41. Nb7 Kf6 42. Na5 Rc7 43. c6 Ke6 44. Rb1 Kd6 45. Rb8 Ra7 46. Rd8+ Kc5 47. Rd7 Ra8 48. c7 Rc8 49. Rxh7 f4+ 50. exf4 exf4+ 51. Kxf4 Kb5 52. Nb3 Kb6 53. Nd4 Rxc7 54. Rh6 Re7 55. Rxg6+ Kc5 56. Nf3 Kd5 57. Rg5+ Kd6 58. Ne5 Ra7 59. Nc4+ Kc6 60. Ke4 Rh7 61. Ne5+ Kc5 62. Nd3+ Kc6 63. Rg6+ Kb5 64. Ne5 Rh1 65. Kd4 Rh4+ 66. Kd5 Rh1 67. Rg8 Rd1+ 68. Ke4 Re1+ 69. Kd4 Rd1+ 70. Nd3 Kc6 71. Kc4 Kd6 72. Rg6+ Ke7 73. Ra6 Rd2 74. Kd4 Kd7 75. Ke3 Rd1 76. Rh6 Ke7 77. Ke4 Ra1 1/2-1/2

[Event "Gujarat op 3rd"]
[Site "Ahmedabad"]
[Date "2022.04.03"]
[Round "5"]
[White "Bhattacharyya, Soham"]
[Black "Venkatesh, Marani Rajendran"]
[Result "0-1"]
[WhiteElo "2004"]
[BlackElo "2493"]
[PlyCount "60"]
[EventDate "2022.03.31"]
[EventType "swiss"]
[EventRounds "10"]
[EventCountry "IND"]
[SourceTitle "CBM 207 Extra"]
[Source "ChessBase"]
[SourceDate "2022.05.31"]
[SourceVersion "1"]
[SourceVersionDate "2022.05.31"]
[SourceQuality "1"]

1. d4 Nf6 2. c4 e6 3. g3 d5 4. Nf3 Be7 5. Bg2 0-0 6. 0-0 dxc4 7. Qc2 a6 8. Qxc4 b5 9. Qc2 Bb7 10. Bd2 Be4 11. Qc1 Nbd7 12. Ba5 Rc8 13. Nbd2 Ba8 14. Qc2 Nb8 15. a3 Nc6 16. Bc3 a5 17. Nb3 a4 18. Nbd2 Nb8 19. b4 axb3 20. Nxb3 Na6 21. Rfd1 Qe8 22. Qb2 Ne4 23. Ne5 Nxc3 24. Qxc3 Bxg2 25. Kxg2 c5 26. dxc5 Nxc5 27. Nxc5 Rxc5 28. Qe3 Qa8+ 29. Nf3 Rfc8 30. Rd3 Bg5 0-1

[Event "BAN-chT"]
[Site "Dhaka"]
[Date "2019.12.14"]
[Round "8.1"]
[White "Bhattacharyya, Soham"]
[Black "Mehdi, Hasan Parag"]
[Result "0-1"]
[WhiteElo "1944"]
[BlackElo "2169"]
[PlyCount "80"]
[EventDate "2019.12.07"]
[EventType "team-tourn"]
[EventRounds "11"]
[EventCountry "BAN"]
[SourceTitle "CBM 194 Extra"]
[Source "ChessBase"]
[SourceDate "2020.03.31"]
[SourceVersion "1"]
[SourceVersionDate "2020.03.31"]
[SourceQuality "1"]
[WhiteTeam "Access"]
[BlackTeam "Titas CC"]
[WhiteTeamCountry "BAN"]
[BlackTeamCountry "BAN"]

1. d4 Nf6 2. c4 e6 3. g3 d5 4. Nf3 dxc4 5. Bg2 Nc6 6. Qa4 Be7 7. Qxc4 0-0 8. 0-0 Nb4 9. a3 Nbd5 10. Qc2 a5 11. e4 Nb6 12. Bf4 c6 13. Rd1 Ne8 14. h4 Bd6 15. Be3 Bc7 16. Nbd2 Qe7 17. d5 exd5 18. Bc5 Qd8 19. Bxf8 Kxf8 20. exd5 cxd5 21. Qxh7 Nf6 22. Qd3 Bg4 23. Nf1 Nc4 24. Qc2 Bb6 25. b3 Nd6 26. N1h2 Rc8 27. Qb2 Nde4 28. Nxg4 Nxg4 29. Nd4 Ngxf2 30. Kh2 Nxd1 31. Rxd1 Qf6 32. Rd3 Nf2 33. Rd2 Ng4+ 34. Kh3 Ne3 35. Kh2 Bxd4 36. Qxd4 Qxd4 37. Rxd4 Rc2 38. Kh1 Rxg2 39. Rd3 Rxg3 40. h5 Ke7 0-1

[Event "BAN-chT"]
[Site "Dhaka"]
[Date "2019.12.13"]
[Round "7.1"]
[White "Nepal, Prakash Chandra"]
[Black "Bhattacharyya, Soham"]
[Result "0-1"]
[WhiteElo "1974"]
[BlackElo "1944"]
[PlyCount "96"]
[EventDate "2019.12.07"]
[EventType "team-tourn"]
[EventRounds "11"]
[EventCountry "BAN"]
[SourceTitle "CBM 194 Extra"]
[Source "ChessBase"]
[SourceDate "2020.03.31"]
[SourceVersion "1"]
[SourceVersionDate "2020.03.31"]
[SourceQuality "1"]
[WhiteTeam "Sonargaon CC"]
[BlackTeam "Access"]
[WhiteTeamCountry "BAN"]
[BlackTeamCountry "BAN"]

1. d4 Nf6 2. c4 g6 3. Nc3 Bg7 4. e4 d6 5. f3 0-0 6. Be3 Nbd7 7. Nge2 a6 8. Qd2 c5 9. g4 Qc7 10. h4 Nb6 11. b3 cxd4 12. Nxd4 h5 13. gxh5 Nxh5 14. Rg1 Nd7 15. Nd5 Qd8 16. 0-0-0 Ndf6 17. Bh6 e5 18. Bxg7 Nxg7 19. Ne2 Nxd5 20. Qxd5 Qxh4 21. Qxd6 Re8 22. Nc3 Be6 23. Qxe5 Bxc4 24. Qg3 Qxg3 25. Rxg3 Be6 26. Be2 Nh5 27. Rg5 Nf4 28. Kb2 Kg7 29. Rc5 Rh8 30. Rd2 Rh2 31. Kc2 b5 32. b4 a5 33. a3 axb4 34. axb4 Nxe2 35. Rxe2 Ra2+ 36. Nxa2 Rxe2+ 37. Kd3 Rxa2 38. Rxb5 Ra3+ 39. Kd4 Rxf3 40. Rb8 Rb3 41. b5 g5 42. b6 g4 43. Kc5 g3 44. Rd8 g2 45. Rd1 Bg4 46. Rg1 Bf3 47. e5 Kg6 48. Re1 Kf5 0-1

[Event "BAN-chT"]
[Site "Dhaka"]
[Date "2019.12.12"]
[Round "6.4"]
[White "Bhattacharyya, Soham"]
[Black "Mihir Lal, Das"]
[Result "1/2-1/2"]
[WhiteElo "1944"]
[BlackElo "1948"]
[PlyCount "63"]
[EventDate "2019.12.07"]
[EventType "team-tourn"]
[EventRounds "11"]
[EventCountry "BAN"]
[SourceTitle "CBM 193 Extra"]
[Source "ChessBase"]
[SourceDate "2020.01.31"]
[SourceVersion "1"]
[SourceVersionDate "2020.01.31"]
[SourceQuality "1"]
[WhiteTeam "Access"]
[BlackTeam "Janata Bank Officer Welfare"]
[WhiteTeamCountry "BAN"]
[BlackTeamCountry "BAN"]

1. d4 Nf6 2. Bf4 e6 3. e3 c5 4. c3 d5 5. Nd2 Nc6 6. Ngf3 Be7 7. Ne5 0-0 8. Bd3 Bd6 9. h4 Qc7 10. Ndf3 Ne4 11. Qc2 cxd4 12. Nxc6 Qxc6 13. Nxd4 Qb6 14. Bxe4 dxe4 15. Bxd6 Qxd6 16. Qxe4 f5 17. Qc2 e5 18. Nf3 h6 19. Qd2 Qe6 20. b3 Bd7 21. Rd1 Bc6 22. Qd6 Rae8 23. Qxe6+ Rxe6 24. Ke2 f4 25. Rhg1 Kh7 26. Nd2 fxe3 27. fxe3 Rg6 28. g3 Rd6 29. Rgf1 Rfd8 30. e4 Rg6 31. Rg1 Rg4 32. Ke3 1/2-1/2

[Event "BAN-chT"]
[Site "Dhaka"]
[Date "2019.12.07"]
[Round "1.1"]
[White "Bhattacharyya, Soham"]
[Black "Jobava, Baadur"]
[Result "0-1"]
[WhiteElo "1944"]
[BlackElo "2604"]
[PlyCount "90"]
[EventDate "2019.12.07"]
[EventType "team-tourn"]
[EventRounds "11"]
[EventCountry "BAN"]
[SourceTitle "CBM 193 Extra"]
[Source "ChessBase"]
[SourceDate "2020.01.31"]
[SourceVersion "1"]
[SourceVersionDate "2020.01.31"]
[SourceQuality "1"]
[WhiteTeam "Access"]
[BlackTeam "Bangladesh Police"]
[WhiteTeamCountry "BAN"]
[BlackTeamCountry "BAN"]

1. d4 Nf6 2. c4 c6 3. Nf3 d5 4. Nc3 dxc4 5. g3 Nbd7 6. Bg2 g6 7. 0-0 Bg7 8. a4 a5 9. e4 0-0 10. Qe2 Nb6 11. h3 Nfd7 12. Rd1 Qc7 13. e5 Nb8 14. Bf4 Qd8 15. Ne4 Na6 16. Nc5 Nc7 17. Nd2 Nbd5 18. Nxc4 Nxf4 19. gxf4 Nd5 20. Qf3 Bh6 21. Nd3 Bf5 22. Ne3 Bxd3 23. Nxd5 Ba6 24. Ne3 e6 25. Ng4 Bg7 26. b3 Qe7 27. Ne3 Rfd8 28. Nc4 Qb4 29. Rac1 Rd7 30. Qc3 Rad8 31. Nxa5 Qxc3 32. Rxc3 Rxd4 33. Rxd4 Rxd4 34. Nxc6 bxc6 35. Rxc6 Rd1+ 36. Kh2 Bh6 37. Kg3 Rd3+ 38. f3 Bb7 39. Rb6 Bd5 40. b4 Rd4 41. Rb8+ Kg7 42. a5 Bxf4+ 43. Kf2 Rd2+ 44. Kg1 Be3+ 45. Kh2 Bxf3 0-1

[Event "IND-chT 39th"]
[Site "Kolkata"]
[Date "2019.02.07"]
[Round "2.3"]
[White "Swapnil, S Dhopade"]
[Black "Bhattacharyya, Soham"]
[Result "1-0"]
[WhiteElo "2488"]
[BlackElo "1919"]
[PlyCount "91"]
[EventDate "2019.02.07"]
[EventType "team-swiss"]
[EventRounds "9"]
[EventCountry "IND"]
[SourceTitle "CBM 188 Extra"]
[Source "ChessBase"]
[SourceDate "2019.02.28"]
[SourceVersion "1"]
[SourceVersionDate "2019.02.28"]
[SourceQuality "1"]
[WhiteTeam "Railways SPB"]
[BlackTeam "Alekhine CC II"]
[WhiteTeamCountry "IND"]
[BlackTeamCountry "IND"]

1. Nf3 Nf6 2. g3 g6 3. b3 Bg7 4. Bb2 0-0 5. Bg2 d6 6. d4 Nbd7 7. 0-0 e5 8. dxe5 Ng4 9. Qd2 Ngxe5 10. c4 Nxf3+ 11. Bxf3 Bxb2 12. Qxb2 Qf6 13. Nc3 Ne5 14. Bg2 Nc6 15. Rfd1 Be6 16. Rac1 Qe7 17. c5 Rad8 18. cxd6 Rxd6 19. Rxd6 Qxd6 20. Ne4 Qd4 21. Qxd4 Nxd4 22. Rxc7 Rc8 23. Rxc8+ Bxc8 24. e3 Ne2+ 25. Kf1 Nc1 26. Nc3 b5 27. Ke1 b4 28. Kd2 Nxb3+ 29. axb3 bxc3+ 30. Kxc3 Kf8 31. Kc4 Ke7 32. Bd5 f6 33. Kc5 Bd7 34. b4 h6 35. Bc6 Bc8 36. Be4 f5 37. Bd5 Bd7 38. Bc6 Bc8 39. Kd5 Be6+ 40. Ke5 Bc8 41. h4 h5 42. e4 Be6 43. Be8 Kxe8 44. Kxe6 fxe4 45. Kf6 Kd7 46. Kxg6 1-0